[Event "S67119 Gustafson Memorial Open"]
[Site "CCLA"]
[Date "2016.11.20"]
[Round "?"]
[White "Leber, David"]
[Black "Dolan, Bruce"]
[Result "0-1"]
[WhiteElo "1270"]
[BlackElo "1312"]

1. d4 Nf6 2. c4 g6 3. Nc3 Bg7 4. Nf3 O-O 5. Bg5 d6 6. e3 c6 7. Bd3 Bg4 8. 
O-O Qb6 9. b3 Qa5 10. Ne4 Nxe4 11. Bxe4 Bxf3 12. Qxf3 Qxg5 13. Rad1 Nd7 
14. Qh3 f5 15. Bc2 e6 16. f4 Qe7 17. e4 Nf6 18. e5 Ng4 19. Qg3 dxe5 20. 
fxe5 Bh6 21. h3 Ne3 22. Rf3 Nxd1 23. Bxd1 c5 24. Qe1 cxd4 25. Rd3 Be3+ 26.
 Kh1 a5 27. a4 Ra7 28. Bf3 b6 29. Qa1 Qc5 30. Qb2 Qxe5 31. Qe2 f4 32. Qe1 
Qg5 33. Bg4 e5 34. Be6+ Kg7 35. Kh2 e4 36. Bd5 exd3 37. Bc6 d2 38. Qe2 
Qg3+ 39. Kh1 Qe1+ 40. Qxe1 dxe1=Q+ 41. Kh2 Qg1# 0-1

[Event "S67099 Gustafson Memorial Open"]
[Site "CCLA"]
[Date "2016.11.20"]
[Round "?"]
[White "Hodgkins, Neil C."]
[Black "Perry, William E."]
[Result "0-1"]
[WhiteElo "1462"]
[BlackElo "1465"]

1. d4 Nf6 2. c4 g6 3. Nf3 Bg7 4. Nc3 O-O 5. Bg5 d6 6. e3 Nbd7 7. Be2 e5 8.
 d5 h6 9. Bh4 Qe8 10. e4 Nc5 11. Qc2 Bg4 12. O-O Nh5 13. h3 Bxf3 14. Bxf3 
Nf4 15. Be2 Qd7 16. Bg4 f5 17. exf5 gxf5 18. Bf3 e4 19. Be2 Ncd3 20. Bg3 
Nxe2+ 21. Qxe2 Bxc3 22. bxc3 Qg7 23. Qd2 Kh8 24. f3 Rg8 25. Bh2 e3 26. 
Qxd3 Qxg2# 0-1

[Event "S60211 Summer Series"]
[Site "CCLA"]
[Date "2016.07.31"]
[Round "?"]
[White "Kappel, Ray D."]
[Black "Zaas, Joel"]
[Result "0-1"]
[WhiteElo "1657"]
[BlackElo "2076"]

1. Nf3 Nf6 2. c4 g6 3. g3 Bg7 4. d4 O-O 5. Bg2 d6 6. O-O Nc6 7. Nc3 a6 8. 
Bf4 Rb8 9. Rc1 h6 10. d5 e5 11. Bd2 Nd4 12. Ne1 Re8 13. e3 Nf5 14. e4 Nd4 
15. Nc2 c5 16. Nxd4 exd4 17. Ne2 Nxe4 0-1

[Event "S60021 Winter Series"]
[Site "CCLA"]
[Date "2016.01.28"]
[Round "?"]
[White "O'Keefe, Michael J."]
[Black "Quirk, Michael"]
[Result "1/2-1/2"]
[WhiteElo "2074"]
[BlackElo "2166"]

1. Nf3 Nf6 2. c4 g6 3. g3 Bg7 4. Bg2 O-O 5. O-O d6 6. d4 Nc6 7. Nc3 a6 8. 
h3 Bd7 9. e4 e5 10. dxe5 dxe5 11. Be3 Be6 12. Qa4 Qc8 13. Kh2 Re8 14. Rad1
h6 15. Rfe1 g5 16. g4 Rb8 17. Bf1 Rd8 18. Qc2 Rxd1 19. Rxd1 Qf8 20. Kg1 
Rd8 21. Nd5 Nb4 22. Nxb4 Rxd1 23. Qxd1 Qxb4 24. Nxe5 Qxb2 25. Qd8+ Kh7 26.
 Nd3 Qxa2 27. e5 Ng8 28. Qxc7 Qxc4 29. Nc5 Qd5 30. Nxe6 fxe6 31. Bb6 Kh8 
32. Bc4 Qc6 33. Qxc6 bxc6 34. Bxe6 Bxe5 35. Bc4 a5 36. Bxa5 Kg7 37. Bd8 
Nf6 38. Kg2 Nd5 39. Kf3 Bd4 40. Bb3 Nc3 41. Bc7 Kg6 42. Bd6 Nb5 1/2-1/2

[Event "S67059 Gustafson Memorial Open"]
[Site "CCLA"]
[Date "2016.11.20"]
[Round "?"]
[White "Shannon, Paul D."]
[Black "Petty, Kirk D."]
[Result "1-0"]
[WhiteElo "1815"]
[BlackElo "1734"]

1. d4 Nf6 2. Nf3 g6 3. g3 Bg7 4. Bg2 d6 5. c4 O-O 6. O-O Nc6 7. Nc3 a6 8. 
h3 Rb8 9. a4 e5 10. d5 Ne7 11. e4 Ne8 12. Be3 1-0

[Event "S67059 Gustafson Memorial Open"]
[Site "CCLA"]
[Date "2016.11.20"]
[Round "?"]
[White "Shannon, Paul D."]
[Black "Gerber, David F."]
[Result "1/2-1/2"]
[WhiteElo "1815"]
[BlackElo "1738"]

1. d4 Nf6 2. Nf3 g6 3. g3 Bg7 4. Bg2 O-O 5. O-O d6 6. c4 Nbd7 7. Nc3 e5 8.
 e4 c6 9. h3 Qb6 10. c5 dxc5 11. dxe5 Ne8 12. Be3 Qc7 13. Kh2 b6 14. e6 
fxe6 15. Ng5 Ne5 16. f4 Nc4 17. Qe2 Nxe3 18. Qxe3 e5 19. fxe5 Rxf1 20. 
Rxf1 Qxe5 21. Nf7 Qe7 22. e5 Be6 23. Qg5 Qxg5 24. Nxg5 Bc4 25. Re1 h6 26. 
Nf3 Nc7 27. b3 Be6 28. Ne4 Nd5 29. Nd6 Rd8 30. Nc4 Rd7 31. Nh4 g5 32. Nf3 
Bf8 33. Ncd2 Bg7 34. Nc4 Bf8 35. Ncd2 1/2-1/2

[Event "S60201 Summer Series"]
[Site "CCLA"]
[Date "2016.07.31"]
[Round "?"]
[White "Quirk, Michael"]
[Black "Lehr, Mark"]
[Result "1/2-1/2"]
[WhiteElo "2166"]
[BlackElo "2129"]

1. d4 Nf6 2. c4 g6 3. Nc3 Bg7 4. e4 O-O 5. Be2 d6 6. Be3 Na6 7. Qd2 e5 8. 
d5 Nc5 9. f3 Nh5 10. O-O-O Bd7 11. g4 Nf4 12. h4 Na4 13. Bf1 Nxc3 14. Qxc3
f5 15. gxf5 gxf5 16. Ne2 Nh5 17. Qd2 Kh8 18. Bh3 f4 19. Bf2 Rg8 20. Bxd7 
Qxd7 21. Kb1 Bf6 22. Rh2 b6 23. Nc3 a6 24. Qc2 Rg6 25. Rg1 Rxg1+ 26. Bxg1 
Rg8 27. Bf2 Qc8 28. Qd1 Qe8 1/2-1/2

[Event "S60201 Summer Series"]
[Site "CCLA"]
[Date "2016.07.31"]
[Round "?"]
[White "Edwards, Ken"]
[Black "Lehr, Mark"]
[Result "0-1"]
[WhiteElo "2287"]
[BlackElo "2129"]

1. d4 Nf6 2. c4 g6 3. Nc3 d6 4. e4 Bg7 5. f3 O-O 6. Be3 c5 7. Nge2 Nc6 8. 
d5 Ne5 9. Ng3 h5 10. Be2 h4 11. Nf1 a6 12. f4 Neg4 13. Bc1 b5 14. h3 b4 
15. Nb1 Nh6 16. Bf3 e6 17. dxe6 Bb7 18. exf7+ Rxf7 19. Nbd2 Qd7 20. Ne3 
Re8 21. O-O Nxe4 22. Bxe4 Bxe4 23. Nxe4 Rxe4 24. Qd5 Qe8 25. Nc2 Kh7 26. 
Qxd6 Re2 27. Ne3 Bd4 28. Kh1 Nf5 29. Nxf5 Rxf5 30. Qc7+ Rf7 0-1

[Event "S60329 Regular Quad"]
[Site "CCLA"]
[Date "2017.01.07"]
[Round "?"]
[White "Alvarez, Adrian Astur"]
[Black "Lavery, Thomas"]
[Result "1-0"]
[WhiteElo "1460"]
[BlackElo "1531"]

1. d4 Nf6 2. c4 d6 3. Nc3 g6 4. e4 Bg7 5. Nf3 e6 6. Be2 O-O 7. Bg5 h6 8. 
Bh4 g5 9. Bg3 Nh5 10. Qd2 c5 11. O-O-O Nxg3 12. hxg3 g4 13. Nh2 cxd4 14. 
Nxg4 Qg5 15. Qxg5 hxg5 16. Nb5 Na6 17. Nxd6 e5 18. Nh6+ Bxh6 19. Rxh6 Kg7 
20. Rdh1 Rg8 21. Rh7+ 1-0

[Event "S60041 Winter Series"]
[Site "CCLA"]
[Date "2016.01.28"]
[Round "?"]
[White "Zarges, Ron V."]
[Black "Shannon, Paul D."]
[Result "0-1"]
[WhiteElo "1655"]
[BlackElo "1828"]

1. c4 Nf6 2. Nc3 g6 3. e4 d6 4. d4 Bg7 5. Nf3 O-O 6. h3 Nbd7 7. Bg5 h6 8. 
Be3 c6 9. Qd2 Kh7 10. g4 e5 11. g5 Ng8 12. gxh6 Bxh6 13. Bxh6 Nxh6 14. 
Ng5+ Kg7 15. O-O-O Qe7 16. f4 f6 17. Nf3 Rh8 18. Bd3 Nf7 19. Rdg1 exd4 20.
 Nxd4 Nc5 21. Qe3 Bd7 22. e5 Nxd3+ 23. Qxd3 Rh6 24. f5 Nxe5 25. Qf1 Rah8 
26. fxg6 Rh4 27. Nf5+ Bxf5 28. Qxf5 R8h5 29. Qf1 Nxc4 30. Qe1 Ne5 31. Kb1 
Qd7 32. Rg3 Rxh3 0-1

[Event "S60031 Winter Series"]
[Site "CCLA"]
[Date "2016.01.28"]
[Round "?"]
[White "Hodgkins, Neil C."]
[Black "Cacas, Alexander"]
[Result "0-1"]
[WhiteElo "1462"]
[BlackElo "1865"]

1. d4 Nf6 2. c4 g6 3. Nc3 Bg7 4. Nf3 d6 5. e4 O-O 6. h3 c5 7. Be2 cxd4 8. 
Nxd4 Nc6 9. Be3 Bd7 10. O-O Nxd4 11. Bxd4 Bc6 12. f3 a5 13. Rc1 Rc8 14. 
Nd5 Bxd5 15. cxd5 Qd7 16. Qd2 a4 17. Qb4 Rxc1 18. Rxc1 Rc8 19. Rxc8+ Qxc8 
20. Qxa4 Qc1+ 21. Qd1 Qf4 22. Qe1 Ng4 23. hxg4 Bxd4+ 24. Kh1 Qh6+ 0-1

[Event "S60211 Summer Series"]
[Site "CCLA"]
[Date "2016.07.31"]
[Round "?"]
[White "Jarmuz, Frederick"]
[Black "Shannon, Paul D."]
[Result "1-0"]
[WhiteElo "1965"]
[BlackElo "1828"]

1. d4 Nf6 2. c4 g6 3. Nc3 Bg7 4. e4 d6 5. Nf3 O-O 6. Be2 e5 7. d5 a5 8. 
O-O Na6 9. Bd3 Qe8 10. a3 Nc5 11. Bc2 a4 12. Be3 Bd7 13. Bxc5 dxc5 14. Ne1
Nh5 15. Nd3 b6 16. f3 f5 17. Re1 fxe4 18. Rxe4 Nf4 19. Nxf4 Rxf4 20. Qd2 
Bh6 21. Qe2 Rxe4 22. Bxe4 Bf5 23. Nb5 Rc8 24. d6 Bxe4 25. Qxe4 c6 26. Na7 
Rd8 27. Rd1 Qe6 28. Qxc6 Be3+ 29. Kh1 Bd4 30. Nb5 Qxc4 31. Qxb6 Rd7 32. 
Qc6 Qe6 33. Re1 Bxb2 34. Qxc5 Kg7 35. f4 Kf6 36. fxe5+ Bxe5 37. Rf1+ Kg5 
38. Qe3+ Kh5 39. Nd4 Qxd6 40. Qh3+ 1-0

[Event "S60211 Summer Series"]
[Site "CCLA"]
[Date "2016.07.31"]
[Round "?"]
[White "Jarmuz, Frederick"]
[Black "Zaas, Joel"]
[Result "0-1"]
[WhiteElo "1965"]
[BlackElo "2076"]

1. d4 Nf6 2. c4 g6 3. Nc3 Bg7 4. e4 d6 5. Nf3 O-O 6. Be2 e5 7. d5 a5 8. 
O-O Na6 9. Be3 Ng4 10. Bg5 f6 11. Bh4 Nh6 12. Ne1 g5 13. Bg3 g4 14. Bh4 
Qe8 15. f3 Qh5 16. Bg3 Qg6 17. fxg4 Nxg4 18. Nc2 Nb4 19. Rf3 Bh6 20. Nb5 
Rf7 21. h3 Nxc2 22. Qxc2 Ne3 23. Qc3 Rg7 24. Nxc7 Rxc7 25. Rxe3 f5 26. 
exf5 Bxe3+ 27. Qxe3 Bxf5 28. Kh2 Rac8 29. Rf1 h5 30. Be1 Be4 31. g4 b5 32.
 Bh4 Rf8 33. Rg1 Rg7 34. cxb5 Rc8 35. Bf6 Qxf6 36. Qxe4 Rf8 37. b3 h4 38. 
Kh1 Qg5 39. Rf1 Rxf1+ 40. Bxf1 Rf7 41. Kg1 Kf8 42. Qe1 Qf4 43. Bg2 Rc7 44.
 Qf2 Qxf2+ 45. Kxf2 Rc2+ 0-1

[Event "S67069 Gustafson Memorial Open"]
[Site "CCLA"]
[Date "2016.11.20"]
[Round "?"]
[White "Avery, Bryce"]
[Black "Smail, John"]
[Result "1/2-1/2"]
[WhiteElo "1637"]
[BlackElo "1720"]

1. d4 Nf6 2. c4 d6 3. Nf3 g6 4. Nc3 Bg7 5. e4 O-O 6. Be2 e5 7. O-O Na6 8. 
Re1 c6 9. Be3 Ng4 10. Bg5 Qc7 11. Bh4 f6 12. h3 Nh6 13. a3 g5 14. Bg3 Qe7 
15. b4 Nc7 16. d5 Nf7 17. Qd3 h5 18. a4 h4 19. Bh2 Nh6 20. b5 c5 21. a5 
Ne8 22. Nd2 f5 23. Bh5 g4 24. Bxe8 Rxe8 25. Nd1 gxh3 26. gxh3 f4 27. Nc3 
Kh8 28. Kh1 Qd7 29. Rg1 Qxh3 30. Qxh3 Bxh3 31. Rg6 Ng4 32. Rxd6 Rg8 33. 
Nd1 Bf8 34. Re6 Nxf2+ 35. Nxf2 Bxe6 36. dxe6 Be7 37. Nf3 Bf6 38. Nd3 Rad8 
39. Nxc5 Rge8 40. Nxb7 Rd3 41. Kg2 h3+ 42. Kf2 Rc3 43. Rg1 Rxe6 44. c5 
Rc2+ 45. Kf1 a6 46. b6 Re7 47. Rg6 Rxb7 48. Rxf6 Rxc5 49. Rh6+ Kg7 50. 
Rxh3 Rxa5 51. Bg1 Rb5 52. Nxe5 Rb1+ 53. Kg2 Re1 54. Ra3 Rxe4 55. Rxa6 Kg8 
56. Ra8+ Kg7 57. Ra7 Rxa7 58. bxa7 Ra4 59. Nd3 Kf7 60. Nxf4 Ke8 61. Ne6 
Ra2+ 62. Kf3 1/2-1/2